Statistiche per Paesi che Producono più Zenzero

Clicka qui per fare il quiz!

Statistiche generali

  • Questo quiz è stato fatto 35 volte
  • Il punteggio medio è 11 su 20

Statistiche sulle risposte

1000 tonnellatenazione% Corretto
557Cina
97%
1070India
97%
51Giappone
87%
27Filippine
83%
217Indonesia
83%
167Thailandia
83%
280Nepal
77%
5Corea del Sud
73%
14Malesia
73%
77Bangladesh
70%
16Sri Lanka
70%
26Taiwan
57%
6Bhutan
53%
4Perù
20%
350Nigeria
17%
11Etiopia
13%
92Camerun
10%
38Mali
10%
8Figi
7%
7Côte d'Ivoire
0%

Distribuzione punteggi

Percentile per numero di risposta

Percentuale di utenti per punteggio

I tuoi punteggi nel tempo

Non hai fatto questo quiz